000
00296 a2200109 4500
001
ART_49238
005
20260410161631.0
008
260409a
245
1
0
_a
Contabilidad social y ambiental
100
1
_a
Geba, Norma Beatriz
773
0
_t
Enfoques
_g
- N°6 (jun. 2019)
_w
REV416
999
_c
12476
_d
12476